Neural Networks and Deep Learning : (Record no. 594427)
[ view plain ]
| 000 -LEADER | |
|---|---|
| fixed length control field | 00992nam a22002057a 4500 |
| 003 - CONTROL NUMBER IDENTIFIER | |
| control field | NUST |
| 005 - DATE AND TIME OF LATEST TRANSACTION | |
| control field | 20231103092833.0 |
| 008 - FIXED-LENGTH DATA ELEMENTS--GENERAL INFORMATION | |
| fixed length control field | 230404b ||||| |||| 00| 0 eng d |
| 020 ## - INTERNATIONAL STANDARD BOOK NUMBER | |
| International Standard Book Number | 9783319944623 |
| 040 ## - CATALOGING SOURCE | |
| Original cataloging agency | 0 |
| 082 ## - DEWEY DECIMAL CLASSIFICATION NUMBER | |
| Classification number | 006.32,AGG |
| 100 ## - MAIN ENTRY--PERSONAL NAME | |
| Personal name | C. Aggarwal, Charu |
| 9 (RLIN) | 111687 |
| 245 ## - TITLE STATEMENT | |
| Title | Neural Networks and Deep Learning : |
| Remainder of title | A Textbook / |
| Statement of responsibility, etc. | Charu C. Aggarwal |
| 260 ## - PUBLICATION, DISTRIBUTION, ETC. | |
| Place of publication, distribution, etc. | Springer |
| Name of publisher, distributor, etc. | U.S.A |
| Date of publication, distribution, etc. | 2018 |
| 300 ## - PHYSICAL DESCRIPTION | |
| Extent | xxiii, 497 p |
| 505 ## - FORMATTED CONTENTS NOTE | |
| Formatted contents note | An Introduction to Neural Networks (Page-1), Machine Learning with Shallow Neural Networks (Page-53), Training Deep Neural Networks (Page-105), Teaching Deep Learners to Generalize (Page-169), Radial Basis Function Networks (Page-217), Restricted Boltzmann Machines (Page-235), Recurrent Neural Networks (Page-271), Convolutional Neural Networks (Page-315), Deep Reinforcement Learning (Page-373), Advanced Topics in Deep Learning (Page-419). |
| 650 ## - SUBJECT ADDED ENTRY--TOPICAL TERM | |
| Topical term or geographic name entry element | Neural Networks |
| 9 (RLIN) | 58055 |
| 651 ## - SUBJECT ADDED ENTRY--GEOGRAPHIC NAME | |
| Geographic name | Deep Learning |
| 9 (RLIN) | 118579 |
| 942 ## - ADDED ENTRY ELEMENTS (KOHA) | |
| Source of classification or shelving scheme | |
| Koha item type | Reference |
| Withdrawn status | Lost status | Source of classification or shelving scheme | Damaged status | Not for loan | Permanent Location | Current Location | Shelving location | Date acquired | Full call number | Barcode | Date last seen | Price effective from | Koha item type | Public note |
|---|---|---|---|---|---|---|---|---|---|---|---|---|---|---|
| Military College of Signals (MCS) | Military College of Signals (MCS) | Reference | 04/04/2023 | 006.32,AGG | MCS38641 | 04/04/2023 | 04/04/2023 | Reference | Almirah Fresh No.44, Shelf No.2 |
